Report shows popularity of 'gated communities' (Record no. 71647)
[ view plain ]
| 000 -LEADER | |
|---|---|
| fixed length control field | 00978cam a2200193 4500 |
| 001 - CONTROL NUMBER | |
| control field | WB3844-16 |
| 008 - FIXED-LENGTH DATA ELEMENTS--GENERAL INFORMATION | |
| fixed length control field | 021127n2002 000 0 eng u |
| 035 ## - SYSTEM CONTROL NUMBER | |
| System control number | (Sirsi) u120591 |
| 245 ## - TITLE STATEMENT | |
| Title | Report shows popularity of 'gated communities' |
| 260 ## - PUBLICATION, DISTRIBUTION, ETC. | |
| Date of publication, distribution, etc. | 2002 |
| 490 ## - SERIES STATEMENT | |
| Series statement | RICS Press Release |
| Volume/sequential designation | 27 November 2002, (5) |
| 520 ## - SUMMARY, ETC. | |
| Summary, etc. | RICS has published "Building balanced communities: the US and UK compared" which concludes 65% of 18-24 year olds believe 'gated communities' are desirable, compared to only 44% of over 65 year olds. Survey suggests young people are more concerned about crime and security than the old. Copies of report are available from t +44 (0)20 7334 3890 RICS Press Release www.rics.org/ricscms/bin/show?class=PressRelease&template=/includes/showpr.html&id=843&faculty=RICS |
| 590 ## - LOCAL NOTE (RLIN) | |
| Local note | WB |
| 650 ## - SUBJECT ADDED ENTRY--TOPICAL TERM | |
| Topical term or geographic name entry element | GATED COMMUNITIES |
| 650 ## - SUBJECT ADDED ENTRY--TOPICAL TERM | |
| Topical term or geographic name entry element | SECURITY |
| 650 ## - SUBJECT ADDED ENTRY--TOPICAL TERM | |
| Topical term or geographic name entry element | CRIME |
| 690 ## - LOCAL SUBJECT ADDED ENTRY--TOPICAL TERM (OCLC, RLIN) | |
| Topical term or geographic name as entry element | ENVIRONMENTAL AND LAND CONSULTANCY-PLANNING AND DEVELOPMENT |
| 942 ## - ADDED ENTRY ELEMENTS (KOHA) | |
| Suppress in OPAC | 0 |
| Withdrawn status | Lost status | Source of classification or shelving scheme | Damaged status | Not for loan | Home library | Current library | Shelving location | Date acquired | Total Checkouts | Full call number | Barcode | Date last seen | Copy number | Price effective from | Koha item type |
|---|---|---|---|---|---|---|---|---|---|---|---|---|---|---|---|
| Dewey Decimal Classification | London | London | News article | 27/11/2002 | WB3844-16 | 120591-1001 | 06/08/2019 | 1 | 06/08/2019 | News article |